| 000 | 00651nam a2200253Ia 4500 | ||
|---|---|---|---|
| 003 | OSt | ||
| 005 | 20220912150955.0 | ||
| 006 | a|||||r|||| 00| 0 | ||
| 007 | ta | ||
| 008 | 220909b |||||||| |||| 00| 0 eng d | ||
| 024 | _a42356 | ||
| 037 | _cTextual | ||
| 040 |
_aCSL _beng _cCSL |
||
| 041 | _aeng | ||
| 082 | _aF9540bG, M1 | ||
| 100 | _aMoye H Anson Ed. | ||
| 245 | 0 | _aAnalysis of pesticide residues | |
| 260 |
_aNew York _b John Wiley _c1981 |
||
| 300 |
_ax,467p. _ccm. |
||
| 490 | _aChemical analysis; 58 | ||
| 650 | _aPoison | ||
| 942 |
_hF9540bG, M1 _cTEXL _2CC |
||
| 999 |
_c58674 _d58674 |
||